Estatísticas para Cultura Geral

Clique aqui para jogar o quiz

Estatísticas Gerais

  • Esse quiz foi jogado 15 vezes
  • A pontuação média é 7 de 15

Estatísticas das Respostas

HintResposta% Correto
Em que país podemos encontrar a Basílica de São Pedro?Itália
82%
Que nome se dá a uma música cantada por duas pessoas?Dueto
73%
Qual é a segunda universidade mais velha de Inglaterra?Cambridge
64%
De que país Nefertiti era a rainha?Egito
64%
Em que país o criminoso de guerra nazista Adolf Eichmann se escondeu quando os agentes do Mossad
capturou-o em 1960?
Argentina
45%
Em que país se originaram os biscoitos da sorte?Estados Unidos
45%
O que significa "domo arigato"?Obrigado
45%
De qual grupo musical will.i.am é membro?Black Eyed Peas
36%
O que as meninas querem ter, de acordo com Cyndi Lauper?Diversão
36%
Quem canta a música "New Rules"?Dua Lipa
36%
Que grande deserto pode ser encontrado na China e na Mongólia?Gobi
36%
Quem estrelou como Bella Swan no filme "Crepúsculo"?Kristen Stewart
36%
Em que país nasceu a cantora Dua Lipa?Reino Unido
36%
Que música começa com "Just a small town girl / Livin' in alone world"?Don't Stop Believing
27%
Qual dupla era composta por George Michael e Andrew Ridgeley?Wham!
27%

Distribuição das Pontuações

Percentil de Números Respondidos

Porcentagem de Pessoas com Cada Pontuação

Sua Pontuação Histórica

Você não jogou esse quiz